100 danh nhân có ảnh hưởng đến lịch sử Trung Quốc
Đã lưu trong:
| 主要作者: | |
|---|---|
| 格式: | 图书 |
| 语言: | Undetermined |
| 出版: |
H.
VHTT
2002
|
| 主题: | |
| 标签: |
添加标签
没有标签, 成为第一个标记此记录!
|
| Thư viện lưu trữ: | Trung tâm Học liệu Trường Đại học Cần Thơ |
|---|
| LEADER | 00575nam a2200193Ia 4500 | ||
|---|---|---|---|
| 001 | CTU_54276 | ||
| 008 | 210402s9999 xx 000 0 und d | ||
| 020 | |b 120000 | ||
| 082 | |a 920.051 | ||
| 082 | |b M121 | ||
| 100 | |a Vương Tuệ Mẫn | ||
| 245 | 0 | |a 100 danh nhân có ảnh hưởng đến lịch sử Trung Quốc | |
| 245 | 0 | |c Vương Tuệ Mẫn; Nguyễn Văn Dương dịch | |
| 260 | |a H. | ||
| 260 | |b VHTT | ||
| 260 | |c 2002 | ||
| 650 | |a celebrities | ||
| 650 | |z china | ||
| 980 | |a Trung tâm Học liệu Trường Đại học Cần Thơ | ||